| 000 | 00714nam a22002297a 4500 | ||
|---|---|---|---|
| 999 |
_c168595 _d168595 |
||
| 005 | 20191016164016.0 | ||
| 010 | _aENG-126674 | ||
| 020 |
_a9789353162580 _c650.00 |
||
| 035 | _aEN-110206 | ||
| 037 | _bDBAD/PUB | ||
| 082 | _a658.7 | ||
| 100 | _aBowersox, Donald J. | ||
| 245 |
_aSupply chain logistics management / _cby Donald J. B ...[et all] |
||
| 260 |
_aChennai _bMcGraw Hill Education _c2013 |
||
| 270 |
_a444/1, Sri Ekambara Naicker Industrial Estate _bAlapakkam, Porur, Chenai _e600116 |
||
| 300 |
_axii;484p. _c25cm(pbk) |
||
| 500 | _aIncludes index | ||
| 700 | _aCloss, David J. | ||
| 700 | _aCooper, M. Bixty | ||
| 700 | _aBowersox, John C. | ||
| 942 |
_2ddc _cEN _h658.7 _mSUP |
||